Strategicky orientované rozpočtovanie
Uložené v:
| Hlavný autor: | |
|---|---|
| Médium: | Kapitola |
| Jazyk: | English Slovak |
| Tagy: |
Žiadne tagy, Buďte prvý, kto otaguje tento záznam!
|
MARC
| LEADER | 00000nla a2200000 4500 | ||
|---|---|---|---|
| 001 | 0176973 | ||
| 005 | 20240603075248.6 | ||
| 041 | 0 | |a eng | |
| 041 | 0 | |a slo | |
| 044 | |a SK | ||
| 245 | 1 | 0 | |a Strategicky orientované rozpočtovanie |c Slávka Šagátová |
| 500 | |a Abstrakt | ||
| 100 | 1 | |a Šagátová, Slavka, 1975- | |